Study Package Eng-101 English Fundamentals (Record no. 2216)
[ view plain ]
| 000 -LEADER | |
|---|---|
| fixed length control field | 00372nam a2200133Ia 4500 |
| 008 - FIXED-LENGTH DATA ELEMENTS--GENERAL INFORMATION | |
| fixed length control field | 151213s9999 xx 000 0 und d |
| 100 ## - MAIN ENTRY--PERSONAL NAME | |
| Personal name | English Depertment (BUBT) |
| 245 ## - TITLE STATEMENT | |
| Title | Study Package Eng-101 English Fundamentals |
| Statement of responsibility, etc. | English Depertment (BUBT) |
| 300 ## - PHYSICAL DESCRIPTION | |
| Extent | 3211 p. |
| 650 ## - SUBJECT ADDED ENTRY--TOPICAL TERM | |
| Topical term or geographic name as entry element | English |
| 650 ## - SUBJECT ADDED ENTRY--TOPICAL TERM | |
| Topical term or geographic name as entry element | English |
| 700 ## - ADDED ENTRY--PERSONAL NAME | |
| Personal name | English Depertment (BUBT) |
No items available.
